000 00893nam0a22002531 4500
001 v19\rc\2015304
005 20260406114138.0
035 _a(NLR Aleph) 005275571
090 _a6044863
_c6044863
100 _a20080925d1902 |||y0rusy50 ca
101 1 _arus
_ceng
102 _aRU
105 _ay z |||||
200 1 _aПринц и нищий
_fПеределала С. Бурэ
210 _aМосква
_cИ.Д. Сытин
_d1902
316 _aЭкземпляр РНБ (34.1.2.183): утрачен
_5NLR: 34.1.2.183
700 1 _8rus
_7ca
_aТвен
_bМ.
_f1835-1910
_gМарк
_3RU\NLR\AUTH\77201
_9110265
702 1 _4570
_8rus
_7ca
_aБуре
_bС.
_cлитератор
_f19 в.
_3RU\NLR\AUTH\77116287
_999212
801 0 _aRU
_bNLR
_c20080925
_gpsbo
801 1 _aRU
_bProSoft-M
_c20080925
_2rusmarc
801 2 _aRU
_bNLR
_c20121109
_2rusmarc
852 _aNLR
_j34.1.2.183
942 _cBOOK
980 _aNB